[Event "Ruhrgebiet Verbandsliga Gruppe 1 1819"]
[Site "Nordrheinwestfalen"]
[Date "2018.09.23"]
[Round "1.7"]
[White "Neugebauer, Thomas"]
[Black "Krieglstein, Marcel"]
[Result "1/2-1/2"]
[WhiteElo "2130"]
[BlackElo "1938"]
[PlyCount "50"]
[EventDate "2018.09.23"]
[EventType "team-tourn"]
[EventRounds "9"]
[EventCountry "GER"]
[SourceTitle "EXT 2022"]
[Source "ChessBase"]
[SourceDate "2021.10.06"]
[SourceVersion "1"]
[SourceVersionDate "2021.10.06"]
[SourceQuality "1"]
[WhiteTeam "Altenessen"]
[BlackTeam "Holsterhausen SK"]
[WhiteTeamCountry "GER"]
[BlackTeamCountry "GER"]

1. e4 d5 2. exd5 Qxd5 3. Nc3 Qa5 4. Bc4 Nf6 5. Qe2 Bg4 6. f3 Bh5 7. d3 c6 8. Bd2 Qc7 9. g4 Bg6 10. f4 h5 11. g5 Nfd7 12. 0-0-0 Nb6 13. Bb3 Na6 14. Be3 Bf5 15. Re1 e6 16. Qf2 0-0-0 17. Nf3 Bb4 18. Nd4 g6 19. Nxf5 exf5 20. Bd4 Rhe8 21. Bf6 Be7 22. Be5 Bd6 23. d4 Nb4 24. a3 N4d5 25. Nxd5 cxd5 1/2-1/2

[Event "Kiel op 30th"]
[Site "Kiel"]
[Date "2017.07.31"]
[Round "5"]
[White "Krieglstein, Marcel"]
[Black "Bernhardsson, Sten Hilding G"]
[Result "1-0"]
[WhiteElo "1930"]
[BlackElo "1922"]
[PlyCount "65"]
[EventDate "2017.07.29"]
[EventType "swiss"]
[EventRounds "9"]
[EventCountry "GER"]
[SourceTitle "EXT 2018"]
[Source "ChessBase"]
[SourceDate "2017.10.13"]
[SourceVersion "1"]
[SourceVersionDate "2017.10.13"]
[SourceQuality "1"]

1. d4 d5 2. c4 e6 3. Nc3 Nf6 4. Bg5 Be7 5. Nf3 0-0 6. e3 Nbd7 7. Qc2 c5 8. Rd1 cxd4 9. Nxd4 Nb6 10. Be2 Bd7 11. Bxf6 Bxf6 12. cxd5 exd5 13. Qb3 Bc6 14. 0-0 Qe7 15. Rd2 Rad8 16. Rfd1 Be5 17. Ncb5 Bb8 18. Rc1 Qf6 19. g3 Rfe8 20. Nxc6 bxc6 21. Nd4 Rd6 22. Rdc2 Nc4 23. Bxc4 dxc4 24. Rxc4 c5 25. Rxc5 Rb6 26. Rb5 Be5 27. Rxb6 axb6 28. Rc6 Qd8 29. Qxb6 Qd5 30. Qc5 Qe4 31. Rc8 Qb1+ 32. Kg2 Qe4+ 33. f3 1-0

[Event "Ruhrgebiet Verbandsliga Gruppe 1 1617"]
[Site "Germany"]
[Date "2017.03.12"]
[Round "8.8"]
[White "Gitschel, Ralf"]
[Black "Krieglstein, Marcel"]
[Result "0-1"]
[WhiteElo "1849"]
[BlackElo "1801"]
[PlyCount "142"]
[EventDate "2016.09.04"]
[EventType "team-tourn"]
[EventRounds "9"]
[EventCountry "GER"]
[SourceTitle "EXT 2022"]
[Source "ChessBase"]
[SourceDate "2021.10.06"]
[SourceVersion "1"]
[SourceVersionDate "2021.10.06"]
[SourceQuality "1"]
[WhiteTeam "Eichlinghofen SV"]
[BlackTeam "Holsterhausen SK"]
[WhiteTeamCountry "GER"]
[BlackTeamCountry "GER"]

1. e4 d5 2. exd5 Qxd5 3. Nc3 Qa5 4. d4 Nf6 5. Bd2 Bf5 6. Nf3 c6 7. Ne4 Qc7 8. Nxf6+ gxf6 9. c4 Bg7 10. Be2 Nd7 11. Rc1 0-0 12. 0-0 e5 13. Nh4 Bg6 14. Bc3 Rad8 15. Qb3 Kh8 16. Bg4 exd4 17. Bxd4 Ne5 18. Bxe5 fxe5 19. Nf5 c5 20. Qh3 Rd2 21. Rfe1 Rfd8 22. Nxg7 Kxg7 23. Qg3 Kf8 24. Rxe5 Qd6 25. Rce1 Rxb2 26. Re8+ Kg7 27. Qc3+ Qd4 28. Qxd4+ Rxd4 29. Be2 Rxa2 30. Re3 Rdd2 31. f4 Rd4 32. g3 Re4 33. Bf3 Rxe3 34. Rxe3 b6 35. Bd5 h5 36. Re7 Kf6 37. Rb7 Ra1+ 38. Kf2 Ra2+ 39. Kg1 Ra3 40. Kf2 Ra2+ 41. Kg1 Kf5 42. Bxf7 Bxf7 43. Rxf7+ Kg4 44. Rd7 Rc2 45. Rxa7 Rxc4 46. Ra2 h4 47. gxh4 Rxf4 48. Rb2 Rb4 49. Rc2 Kxh4 50. Kf2 Kg4 51. Ke3 Kf5 52. Kd3 Ke5 53. Rg2 Kd5 54. Rg6 Rd4+ 55. Kc3 b5 56. Rg5+ Kc6 57. Rg6+ Rd6 58. Rg4 Rf6 59. Rg3 b4+ 60. Kd3 Kb5 61. Rg5 Rf3+ 62. Ke2 Rh3 63. Rg2 b3 64. Kd2 Kb4 65. Kc1 c4 66. Kb1 Rf3 67. Rg1 c3 68. h4 Ka3 69. h5 Rh3 70. h6 Rxh6 71. Rf1 Rh2 0-1

[Event "Ruhrgebiet Verbandsliga Gruppe 1 1617"]
[Site "Germany"]
[Date "2016.09.25"]
[Round "2.7"]
[White "Soehnchen, Andreas"]
[Black "Krieglstein, Marcel"]
[Result "1-0"]
[WhiteElo "2136"]
[BlackElo "1805"]
[PlyCount "63"]
[EventDate "2016.09.04"]
[EventType "team-tourn"]
[EventRounds "9"]
[EventCountry "GER"]
[SourceTitle "EXT 2022"]
[Source "ChessBase"]
[SourceDate "2021.10.06"]
[SourceVersion "1"]
[SourceVersionDate "2021.10.06"]
[SourceQuality "1"]
[WhiteTeam "Oberhausen SV II"]
[BlackTeam "Holsterhausen SK"]
[WhiteTeamCountry "GER"]
[BlackTeamCountry "GER"]

1. d4 f5 2. Nc3 Nf6 3. Bg5 d5 4. f3 e6 5. e4 Be7 6. e5 Nfd7 7. Bxe7 Qxe7 8. Qd2 a6 9. f4 c5 10. Nf3 Nc6 11. Bd3 Nb6 12. dxc5 Qxc5 13. Qf2 Qb4 14. 0-0 Qxb2 15. Ne2 Nd7 16. Ned4 Nxd4 17. Nxd4 Nf8 18. Ne2 Qb4 19. Rab1 Qe7 20. Rb6 Nd7 21. Rd6 h5 22. c4 dxc4 23. Bxc4 Nf8 24. Qb6 Kf7 25. Nd4 g6 26. Nf3 Nh7 27. Nd4 Nf8 28. Bb3 h4 29. Rc1 h3 30. Rc7 Nd7 31. Rdxd7 Bxd7 32. Rxd7 1-0

[Event "Ruhrgebiet Verbandsliga Gruppe 1 1516"]
[Site "Germany"]
[Date "2015.11.08"]
[Round "3.8"]
[White "Braun, Uwe"]
[Black "Krieglstein, Marcel"]
[Result "1-0"]
[WhiteElo "1798"]
[BlackElo "1788"]
[PlyCount "89"]
[EventDate "2015.09.06"]
[EventType "team-tourn"]
[EventRounds "9"]
[EventCountry "GER"]
[SourceTitle "EXT 2022"]
[Source "ChessBase"]
[SourceDate "2021.10.06"]
[SourceVersion "1"]
[SourceVersionDate "2021.10.06"]
[SourceQuality "1"]
[WhiteTeam "Bottrop SV"]
[BlackTeam "Holsterhausen SK"]
[WhiteTeamCountry "GER"]
[BlackTeamCountry "GER"]

1. e4 d5 2. exd5 Qxd5 3. Nc3 Qa5 4. d4 Nf6 5. Bd2 Qb6 6. Nf3 c6 7. Bc4 Bf5 8. Bb3 e6 9. Qe2 Bb4 10. 0-0 0-0 11. Na4 Qa5 12. Bxb4 Qxb4 13. c3 Qd6 14. Nc5 b6 15. Nd3 Nbd7 16. Bc2 a5 17. Rad1 Nd5 18. Rfe1 Bxd3 19. Qxd3 f5 20. Ne5 Rf6 21. a3 Rh6 22. c4 Ne7 23. f4 Nf6 24. Qe3 Rf8 25. Nf3 Ng4 26. Qd2 Ng6 27. g3 Rd8 28. Qe2 Nf8 29. Kg2 Rc8 30. h3 Nf6 31. Ng5 Ne8 32. Bb3 c5 33. Qe5 Qc6+ 34. d5 exd5 35. cxd5 Qb5 36. Qxf5 Rf6 37. Qxc8 Nd6 38. Qg4 Qxb3 39. Qe2 h6 40. Rd3 Qa2 41. Ne4 Nxe4 42. Qxe4 Qxb2+ 43. Re2 Qc1 44. d6 Ng6 45. d7 1-0

[Event "Ruhrgebiet Regionalliga 1415"]
[Site "Germany"]
[Date "2015.04.12"]
[Round "8.8"]
[White "Krieglstein, Marcel"]
[Black "Bachmann, Rolf"]
[Result "1/2-1/2"]
[WhiteElo "1799"]
[BlackElo "1905"]
[PlyCount "48"]
[EventDate "2014.09.28"]
[EventType "team-tourn"]
[EventRounds "9"]
[EventCountry "GER"]
[SourceTitle "EXT 2022"]
[Source "ChessBase"]
[SourceDate "2021.10.06"]
[SourceVersion "1"]
[SourceVersionDate "2021.10.06"]
[SourceQuality "1"]
[WhiteTeam "Holsterhausen SK"]
[BlackTeam "Hamm SV"]
[WhiteTeamCountry "GER"]
[BlackTeamCountry "GER"]

1. d4 d5 2. c4 c6 3. Nc3 f5 4. Nf3 Nf6 5. e3 e6 6. Be2 Be7 7. 0-0 0-0 8. Ne5 Nbd7 9. f4 Ne4 10. a4 Nxe5 11. fxe5 Bd7 12. Qc2 g5 13. Nxe4 fxe4 14. Rxf8+ Qxf8 15. b3 Qh6 16. Bg4 Be8 17. Ba3 Bxa3 18. Rxa3 Bh5 19. Qe2 Bxg4 20. Qxg4 Qg6 21. Ra1 h5 22. Qe2 Rf8 23. Rc1 g4 24. Rf1 Rxf1+ 1/2-1/2

[Event "Kiel op 25th"]
[Site "Kiel"]
[Date "2012.07.28"]
[Round "1"]
[White "Krieglstein, Marcel"]
[Black "Horn, Peter"]
[Result "0-1"]
[WhiteElo "1776"]
[BlackElo "2159"]
[PlyCount "70"]
[EventDate "2012.07.28"]
[EventType "swiss"]
[EventRounds "9"]
[EventCountry "GER"]
[SourceTitle "EXT 2015"]
[Source "ChessBase"]
[SourceDate "2014.11.20"]
[SourceVersion "1"]
[SourceVersionDate "2014.11.20"]
[SourceQuality "1"]

1. d4 Nf6 2. c4 c5 3. d5 b5 4. cxb5 a6 5. bxa6 g6 6. Nc3 Bxa6 7. Nf3 Bg7 8. g3 d6 9. Bg2 Nfd7 10. 0-0 Nb6 11. Re1 N8d7 12. e4 0-0 13. Bf1 Bxf1 14. Kxf1 Nc4 15. Kg2 Qa5 16. e5 Ndxe5 17. Nxe5 Bxe5 18. Qd3 Qa6 19. f4 Bf6 20. Nd1 Rfb8 21. Re2 Nb6 22. Qf3 Nxd5 23. g4 Qb7 24. Kg3 Nb4 25. Qf1 Nxa2 26. g5 Bd4 27. f5 Nxc1 28. Rxc1 Be5+ 29. Rxe5 dxe5 30. f6 exf6 31. gxf6 Qe4 32. Rc4 Rb3+ 33. Nc3 Qe3+ 34. Kg4 h5+ 35. Kh4 Rxb2 0-1

[Event "Ruhrgebiet Regionalliga 1112"]
[Site "Nordrheinwestfalen"]
[Date "2011.12.18"]
[Round "5.8"]
[White "Krieglstein, Marcel"]
[Black "Schneider, Axel"]
[Result "1/2-1/2"]
[WhiteElo "1803"]
[BlackElo "2086"]
[PlyCount "73"]
[EventDate "2011.09.25"]
[EventType "team-tourn"]
[EventRounds "9"]
[EventCountry "GER"]
[SourceTitle "EXT 2020"]
[Source "ChessBase"]
[SourceDate "2019.10.17"]
[SourceVersion "1"]
[SourceVersionDate "2019.10.17"]
[SourceQuality "1"]
[WhiteTeam "Holsterhausen SK"]
[BlackTeam "Horst Emscher"]
[WhiteTeamCountry "GER"]
[BlackTeamCountry "GER"]

1. d4 Nf6 2. c4 g6 3. Nc3 Bg7 4. e4 0-0 5. Be2 d6 6. f4 c5 7. d5 e6 8. Nf3 exd5 9. cxd5 Re8 10. e5 dxe5 11. fxe5 Ng4 12. Bg5 f6 13. exf6 Bxf6 14. Bf4 Ne3 15. Bxe3 Rxe3 16. 0-0 Bg4 17. d6 Bxc3 18. bxc3 Nd7 19. Bc4+ Kg7 20. Qd2 Re4 21. Bd5 Bxf3 22. Rxf3 Rh4 23. Rf7+ Kh8 24. g3 Rh5 25. c4 Ne5 26. Qb2 Qxd6 27. Qxb7 Rf8 28. Rxf8+ Qxf8 29. Rf1 Rf5 30. Rxf5 Qxf5 31. Qb8+ Kg7 32. Qxa7+ Kh6 33. Qxc5 Ng4 34. Qd4 Qb1+ 35. Kg2 Qc2+ 36. Kf1 Qb1+ 37. Kg2 1/2-1/2

[Event "Ruhrgebiet Regionalliga 0405"]
[Site "Ruhrgebiet"]
[Date "2004.10.17"]
[Round "2.8"]
[White "Thelen, Thomas"]
[Black "Krieglstein, Marcel"]
[Result "1/2-1/2"]
[WhiteElo "2089"]
[BlackElo "1809"]
[PlyCount "35"]
[EventDate "2004.09.19"]
[EventType "team"]
[EventRounds "9"]
[EventCountry "GER"]
[SourceTitle "EXT 2006"]
[Source "ChessBase"]
[SourceDate "2005.11.24"]
[SourceVersion "1"]
[SourceVersionDate "2005.11.24"]
[SourceQuality "1"]
[WhiteTeam "Wattenscheid III"]
[BlackTeam "Holsterhausen"]
[WhiteTeamCountry "GER"]
[BlackTeamCountry "GER"]

1. d4 d5 2. Nf3 Nf6 3. c4 c6 4. e3 Bf5 5. Nc3 e6 6. Bd3 Bxd3 7. Qxd3 Be7 8. 0-0 0-0 9. Bd2 Nbd7 10. Rfe1 Rc8 11. cxd5 cxd5 12. Qb5 Qb6 13. Ne5 Qxb5 14. Nxb5 Nxe5 15. dxe5 Ne4 16. Ba5 Rc2 17. f3 Rxb2 18. Reb1 1/2-1/2

[Event "Ruhrgebiet VL1 0304"]
[Site "Ruhrgebiet"]
[Date "2003.11.09"]
[Round "3.8"]
[White "Hermann, Juergen"]
[Black "Krieglstein, Marcel"]
[Result "1-0"]
[WhiteElo "1917"]
[BlackElo "1795"]
[PlyCount "79"]
[EventDate "2003.09.28"]
[EventType "team"]
[EventRounds "9"]
[EventCountry "GER"]
[SourceTitle "EXT 2007"]
[Source "ChessBase"]
[SourceDate "2006.11.23"]
[SourceVersion "1"]
[SourceVersionDate "2006.11.23"]
[SourceQuality "1"]
[WhiteTeam "Steele/Kray Rochade"]
[BlackTeam "Holsterhausen"]
[WhiteTeamCountry "GER"]
[BlackTeamCountry "GER"]

1. c4 c5 2. g3 Nc6 3. Nc3 g6 4. Bg2 Bg7 5. e4 e5 6. Nge2 Nge7 7. 0-0 0-0 8. Nd5 d6 9. d3 f5 10. Be3 Nxd5 11. cxd5 Nd4 12. f4 Nxe2+ 13. Qxe2 Qe7 14. Rae1 Bd7 15. Qc2 Rae8 16. Qb3 b6 17. Bd2 Qd8 18. Bc3 Kh8 19. Rf2 b5 20. a3 a5 21. fxe5 dxe5 22. Bd2 b4 23. Be3 Qe7 24. Rc1 Rc8 25. Rfc2 a4 26. Qc4 b3 27. Rc3 f4 28. Bxc5 Qg5 29. Qa6 Ra8 30. Qb7 Rfd8 31. Bb6 Rab8 32. Bxd8 Qxd8 33. Qc7 Qe8 34. Qa7 fxg3 35. hxg3 Bh6 36. Rf1 Ra8 37. Qf2 Kg8 38. Rc7 Bg5 39. Kh2 Bd8 40. Rxd7 1-0

[Event "Ruhrgebiet VL1 0304"]
[Site "Ruhrgebiet"]
[Date "2003.09.28"]
[Round "1.8"]
[White "Kordt, Peter"]
[Black "Krieglstein, Marcel"]
[Result "1-0"]
[WhiteElo "1707"]
[BlackElo "1795"]
[PlyCount "55"]
[EventDate "2003.09.28"]
[EventType "team"]
[EventRounds "9"]
[EventCountry "GER"]
[SourceTitle "EXT 2007"]
[Source "ChessBase"]
[SourceDate "2006.11.23"]
[SourceVersion "1"]
[SourceVersionDate "2006.11.23"]
[SourceQuality "1"]
[WhiteTeam "Gelsenkirchen II"]
[BlackTeam "Holsterhausen"]
[WhiteTeamCountry "GER"]
[BlackTeamCountry "GER"]

1. e4 d5 2. d4 c6 3. Nc3 g6 4. e5 Bg7 5. Be3 Nh6 6. Qd2 Nf5 7. Bf4 e6 8. 0-0-0 Nd7 9. g4 Ne7 10. Bh6 Kf8 11. h4 Ng8 12. Bxg7+ Kxg7 13. h5 f6 14. hxg6 hxg6 15. Rxh8 Kxh8 16. f4 Qe7 17. Nf3 Kg7 18. Qh2 Kf8 19. Bd3 Qg7 20. Rh1 Kf7 21. f5 gxf5 22. gxf5 fxe5 23. fxe6+ Kxe6 24. dxe5 Nf8 25. Qf4 Ke7 26. Ng5 Nh6 27. Nh7 Ng4 28. Nxf8 1-0